So that's how the moon changes shape! / (Record no. 1822)

MARC details
000 -LEADER
fixed length control field 01116cam a2200325 a 4500
001 - CONTROL NUMBER
control field 1822
003 - CONTROL NUMBER IDENTIFIER
control field FISKH
005 - DATE AND TIME OF LATEST TRANSACTION
control field 20231004093138.0
008 - FIXED-LENGTH DATA ELEMENTS--GENERAL INFORMATION
fixed length control field 910314s1991 ilua j 001 0 eng
010 ## - LIBRARY OF CONGRESS CONTROL NUMBER
LC control number 91003142
020 ## - INTERNATIONAL STANDARD BOOK NUMBER
International Standard Book Number 0516049178
040 ## - CATALOGING SOURCE
Original cataloging agency DLC
Transcribing agency DLC
Modifying agency DLC
Language of cataloging eng
042 ## - AUTHENTICATION CODE
Authentication code lcac
050 00 - LIBRARY OF CONGRESS CALL NUMBER
Classification number QB588
Item number .F68 1991
082 00 - DEWEY DECIMAL CLASSIFICATION NUMBER
Classification number 523.3
Edition number 20
100 1# - MAIN ENTRY--PERSONAL NAME
Personal name Fowler, Allan.
245 10 - TITLE STATEMENT
Title So that's how the moon changes shape! /
Statement of responsibility, etc. by Allan Fowler.
260 ## - PUBLICATION, DISTRIBUTION, ETC.
Place of publication, distribution, etc. Chicago :
Name of publisher, distributor, etc. Childrens Press,
Date of publication, distribution, etc. 1991.
300 ## - PHYSICAL DESCRIPTION
Extent 31 pages :
Other physical details color illustrations ;
Dimensions 19 cm.
440 #0 - SERIES STATEMENT/ADDED ENTRY--TITLE
Title Rookie read-about science
505 ## - FORMATTED CONTENTS NOTE
Formatted contents note M<br/>
520 ## - SUMMARY, ETC.
Summary, etc. A simple explanation of the moon and why it changes shape throughout the month.
521 8# - TARGET AUDIENCE NOTE
Target audience note 550<br/>
Source Lexile AD<br/>
521 8# - TARGET AUDIENCE NOTE
Target audience note M<br/>
Source Raz-Plus<br/>
651 #0 - SUBJECT ADDED ENTRY--GEOGRAPHIC NAME
Geographic name Moon
General subdivision Phases
-- Juvenile literature.
651 #1 - SUBJECT ADDED ENTRY--GEOGRAPHIC NAME
Geographic name Moon.
906 ## - LOCAL DATA ELEMENT F, LDF (RLIN)
a 7
b cbc
c orignew
d 1
e ocip
f 19
g y-gencatlg
942 ## - ADDED ENTRY ELEMENTS (KOHA)
Source of classification or shelving scheme Dewey Decimal Classification
Koha item type Books
Suppress in OPAC No
Holdings
Withdrawn status Lost status Source of classification or shelving scheme Damaged status Not for loan Collection Home library Current library Shelving location Date acquired Total Checkouts Full call number Barcode Date last seen Copy number Price effective from Koha item type
    Dewey Decimal Classification     Non-Fiction Footprints International School Library Network Toul Kork Campus Footprints International School Library Network Toul Kork Campus TK Primary Library Room(4th Floor), Bookcase 3&4, Shelves 17-32, Yellow Books 10/04/2023   FOW 523.3 QB588.F68 FISBK01916 10/04/2023 1 10/04/2023 Books
    Dewey Decimal Classification     Non-Fiction Footprints International School Library Network Toul Kork Campus Footprints International School Library Network Toul Kork Campus   10/04/2023   FOW 523.3 QB588.F68 FISBK01917 06/07/2024 2 10/04/2023 Books
    Dewey Decimal Classification     Non-Fiction Footprints International School Library Network Toul Kork Campus Footprints International School Library Network Toul Kork Campus TTP Primary Yellow Bookshelves 10/24/2025   FOW 523.3 QB588.F68 FISTK01634 10/24/2025 3 10/24/2025 Books